Prisin̤ procesal

Detalles Bibliográficos
Autor principal: Nardielo, Gabrielle
Formato: Desconocido
Lenguaje:español
Publicado: Buenos Aires : Ciudad Argentina, 2007
Acceso en línea:Acceso restringido

MARC

LEADER 00000ny a22000003n 4500
005 20110621122231.0
008 080806s2007 ag s 000 0 spa d
020 |a 8493437492 
035 |a 2199 
040 |a UMA.RE  |d vlex 
080 |a 343.13(0.034) 
090 |c 1280  |d 1280 
100 1 |a Nardielo, Gabrielle 
245 1 0 |a Prisin̤ procesal  |h [Recurso electrn̤ico]  |c Gabrielle Nardielo 
256 |a Servicio en ln̕ea 
260 |a Buenos Aires :  |b Ciudad Argentina,  |c 2007 
506 1 |a Contenido solo disponible en los productos indicados  |d vLex Global  |d vLex Global (Academic Edition, excluding Law Schools)  |d vLex Global (U.S. Academic Edition, Law Schools)  |d vLex Global (U.S. Academic Edition, excluding Law Schools)  |d vLex Global (Academic Edition, Law Schools) 
740 0 |a vLex Libros (Servicios en ln̕ea) 
856 4 0 |u http://vlex.com/source/2199  |z Acceso restringido 
942 |c BOOK 
999 0 4 |a Derecho procesal  |v En ln̕ea 
999 0 4 |a Procedimiento penal  |v En ln̕ea